A guide to conducting online research / (Record no. 37272)

MARC details
000 -LEADER
fixed length control field 01124cam a22002775a 4500
001 - CONTROL NUMBER
control field 15342129
005 - DATE AND TIME OF LATEST TRANSACTION
control field 20090623154543.0
008 - FIXED-LENGTH DATA ELEMENTS--GENERAL INFORMATION
fixed length control field 080624s2009 cau 000 0 eng
010 ## - LIBRARY OF CONGRESS CONTROL NUMBER
LC control number 2008931849
020 ## - INTERNATIONAL STANDARD BOOK NUMBER
International Standard Book Number 9781412922890 (hb)
020 ## - INTERNATIONAL STANDARD BOOK NUMBER
International Standard Book Number 9781412922906 (pb)
040 ## - CATALOGING SOURCE
Original cataloging agency DLC
Transcribing agency DLC
050 ## - LIBRARY OF CONGRESS CALL NUMBER
Classification number Q 180.55 .M4
Item number G25 2009
100 1# - MAIN ENTRY--PERSONAL NAME
Personal name Gaiser, Ted.
245 12 - TITLE STATEMENT
Title A guide to conducting online research /
Statement of responsibility, etc Ted Gaiser, Tony Schreiner.
260 ## - PUBLICATION, DISTRIBUTION, ETC. (IMPRINT)
Place of publication, distribution, etc Thousand Oaks, CA :
Name of publisher, distributor, etc Sage,
Date of publication, distribution, etc 2009.
263 ## - PROJECTED PUBLICATION DATE
Projected publication date 0902
300 ## - PHYSICAL DESCRIPTION
Extent 176 p.;
Dimensions 24 cm.
650 ## - SUBJECT ADDED ENTRY--TOPICAL TERM
Topical term or geographic name as entry element Research --Methodology.
700 ## - ADDED ENTRY--PERSONAL NAME
Personal name Schreiner, Anthony E.
906 ## - LOCAL DATA ELEMENT F, LDF (RLIN)
b ibc
c orignew
d 2
e epcn
f 20
g y-gencatlg
942 ## - ADDED ENTRY ELEMENTS (KOHA)
Source of classification or shelving scheme Library of Congress Classification
Item type Book
Holdings
Withdrawn status Lost status Source of classification or shelving scheme Damaged status Not for loan Collection code Home library Current library Shelving location Date acquired Source of acquisition Total Checkouts Total Renewals Full call number Barcode Date last seen Date last borrowed Copy number Price effective from Koha item type
    Library of Congress Classification     Non-fiction Bishop Okullu Memorial Library (Limuru Campus) Bishop Okullu Memorial Library (Limuru Campus) General Circulation 10/09/2010 purchase 7 2 Q 180.55 .M4 G25 2009 021716   15/04/2023 2 10/09/2010 Book
    Library of Congress Classification     Non-fiction Nairobi Campus Nairobi Campus General Circulation 10/09/2010 purchase 15 1 Q180.55 .M4 G25 2009 021715 05/06/2023 31/05/2023 1 10/09/2010 Book